| 000 | 00820nam a2200265Ia 4500 | ||
|---|---|---|---|
| 003 | OSt | ||
| 005 | 20220918163940.0 | ||
| 006 | a|||||r|||| 00| 0 | ||
| 007 | ta | ||
| 008 | 220917b |||||||| |||| 00| 0 eng d | ||
| 020 | _a0333930673 (pbk) | ||
| 024 | _a176,608 | ||
| 037 | _cTextual | ||
| 040 |
_aARTS _cARTS _beng |
||
| 041 |
_2eng _aeng |
||
| 082 | _aX65.1.N, P1 (SC) | ||
| 100 |
_aArmijo Leslie Elliott Ed. _916162 |
||
| 245 | 0 | _aFinancial globalization and democracy in emerging markets edited by Leslie Elliott Armijo | |
| 260 |
_aHoundmills _bPalgrave _c2001 |
||
| 300 |
_axxi, 348p. _ccm. |
||
| 490 | _aInternational political economy | ||
| 650 |
_aINVESTMENTS; ECONOMICS _916163 |
||
| 942 |
_hX65.1.N, P1 (SC) _cTEXL _2CC |
||
| 999 |
_c122258 _d122258 |
||